000 00848nam a2200265 a 4500
001 000023719
003 OSt
005 20201001141333.0
008 101221s1978 mx ac r 001 0 spa d
020 _a9684090056
040 _aDO-SdBNP
_bspa
_cBNPHU
049 _aBNGR
082 _a629.133
_bW582a
100 1 _aWhite, William J.,
_d1850-1923
_948843
240 1 0 _aAirships for the future.
_lEspañol
245 1 0 _aAeronaves del futuro /
_cWilliam J. White ; traducción de Ana Sylvia Villegas C.
260 _aMéxico :
_bEditores Asociados M.,
_c1978.
300 _a206 p. :
_bil., retrs. ;
_c20 cm.
500 _aIncluye índice
504 _aIncluye referencias bibliográficas y notas al pie de las páginas.
650 4 _aAeronaves
_948844
700 1 _aVillegas C., Ana Sylvia,
_etr.
_948845
942 _2ddc
_cLF1
956 _aLOPEREZ
999 _c23215
_d23215